000 00508nam a2200169Ia 4500
999 _c13465
_d13465
003 OSt
005 20201113100841.0
008 190216s9999||||xx |||||||||||||| ||und||
040 _coclc
082 _a820
_bBOU/A
100 _aBoulton, Marjorie
_94670
245 4 _aThe Anatomy Of Language Saying What We Mean /
_cMarjorie Boulton
260 _bRoutledge & Kegan Paul,
_c1959.
_aLondon:
300 _a170p
650 _aEnglish Literature
942 _cBK
_2ddc
_h820
_iBOU/A
_k820
_mBOU/A